|
|
|
|
| LEADER |
01153nam a2200289 a 4500 |
| 001 |
3982 |
| 003 |
BD-DhAAL |
| 005 |
20150607094953.0 |
| 008 |
150607s1997 wiua b 001 0 eng |
| 010 |
|
|
|a 95080202
|
| 020 |
|
|
|a 0697235831
|
| 020 |
|
|
|a 0697235823 (casebound)
|
| 040 |
|
|
|a DLC
|c DLC
|d DLC
|d BD-DhAAL
|
| 050 |
0 |
0 |
|a BF713
|b .S26 1997
|
| 082 |
0 |
0 |
|a 155
|2 20
|
| 100 |
1 |
|
|a Santrock, John W.
|9 11724
|
| 245 |
1 |
0 |
|a Life-span development /
|c John W. Santrock.
|
| 250 |
|
|
|a 6th ed.
|
| 260 |
|
|
|a Madison, WI :
|b Brown & Benchmark Publishers,
|c c1997.
|
| 300 |
|
|
|a xxvii, 705 p. :
|b ill. (some col.) ;
|c 28 cm.
|
| 504 |
|
|
|a Includes bibliographical references (p. 639-676) and indexes.
|
| 541 |
|
|
|e BD-DhAAL
|
| 650 |
|
0 |
|a Developmental psychology
|v Textbooks.
|9 11725
|
| 942 |
|
|
|2 ddc
|c BK
|
| 999 |
|
|
|c 34624
|d 34624
|
| 952 |
|
|
|0 0
|1 0
|2 ddc
|4 0
|6 155_000000000000000_SAN
|7 0
|9 54066
|a SCL
|b SCL
|c GEN
|d 2015-06-07
|e Gift: The Asia Foundation
|l 0
|o 155 SAN
|p 3020003982
|r 2015-06-07
|t 1
|w 2015-06-07
|y BK
|
| 952 |
|
|
|0 0
|1 0
|2 ddc
|4 0
|6 155_000000000000000_SAN
|7 0
|9 54067
|a SCL
|b SCL
|c GEN
|d 2015-06-07
|e Gift: The Asia Foundation
|l 0
|o 155 SAN
|p 3020005551
|r 2015-06-07
|t 2
|w 2015-06-07
|y BK
|